000 00301nam a22001337a 4500
020 _a9780141341880
082 _a813.6
_bKIN
100 _aKinney,Jeff
245 _aDiary of a wimpy kid Cabin fever
260 _aUSA:
_bPuffin Books,
_c2011.
300 _a217p. ;
563 _aPB
942 _2ddc
_cBK
999 _c614869
_d614869